000 00686nam a2200217 a 4500
001 29278
003 BD-RjUL
005 20211209051407.0
008 140403s1912 enk 1 0 eng d
035 _a(BD-RjUL) 29363
040 _aNUN:S
_beng
_cNUN:S
_dNUN:W
_dBD-RjUL
041 _aeng
082 _220
_a 155.2
_bBOP 1912
100 1 _aBosanquet, Bernard,
_d1848-1923.
_979466
245 1 4 _aThe principle of individuality and value :
_cby B. Bosanquet.
_b the Gifford lectures for 1911, delivered in Edinburgh University /
260 _aLondon :
_bMacmillan,
_c1912.
300 _a409 p. ;
_c21cm.
504 _aIncludes Index
650 _aIndividuality.
_93826
942 _2ddc
_cBK
999 _c29278
_d29278